ALUMINIUM AND MAGNESIUM BASE METAL MATRIX COMPOSITES

Bibliographic Details
Main Authors: Lukáč, Pavel (Author), Trojanová, Zuzanka (Author)
Format: Article
Language:English
ISBN:8071005193

MARC

LEADER 00000naa a2200000uu 4500
001 vtls010954081
003 SK-MaSNL
005 20260302123953.0
008 210906|1998 xo |||||||||||||||||eng|
015 |a SNBRA 
035 |a (urnnbn)urn:nbn:sk:snk:ar-a0bm4c 
035 |a (uuid)a8b82a0c-8dbf-45b7-a05a-33c9e156c617 
035 |a urn:nbn:sk:snk-aaue3p 
040 |a SNKBUCL  |b slo  |c SNKBUCL  |e AACR2 
041 0 |a eng 
044 |a xo  |c SK 
100 1 |a Lukáč, Pavel  |4 aut  |9 445328 
245 1 0 |a ALUMINIUM AND MAGNESIUM BASE METAL MATRIX COMPOSITES  |c Pavel Lukáč, Zuzanka Trojanová 
700 1 |a Trojanová, Zuzanka  |4 aut  |9 779407 
773 0 |t Communications on the edge of the millenniums  |d Žilina : University of Žilina, 1998, 1998  |g S. 15-18  |z 8071005193 
958 |a OND 
958 |a article11 
958 |a chapter 
999 |c 1285508  |d 1287438